[Event "Klatovy op-C 29th"]
[Site "Klatovy"]
[Date "2023.07.02"]
[Round "2"]
[White "Sykora, Vaclav"]
[Black "Novotny, Jaromir"]
[Result "1/2-1/2"]
[WhiteElo "1380"]
[BlackElo "1681"]
[PlyCount "49"]
[EventDate "2023.07.01"]
[EventType "swiss"]
[EventRounds "9"]
[EventCountry "CZE"]
[SourceTitle "CBM 215 Extra"]
[Source "ChessBase"]
[SourceDate "2023.09.30"]
[SourceVersion "1"]
[SourceVersionDate "2023.09.30"]
[SourceQuality "1"]

1. c4 c5 2. Nc3 Nc6 3. d3 g6 4. Nf3 Bg7 5. Bd2 Nf6 6. g3 0-0 7. Bg2 d6 8. 0-0 Bd7 9. Qc1 Re8 10. Rb1 Rb8 11. e3 Ng4 12. a3 Nge5 13. Nxe5 Nxe5 14. Qc2 Qc8 15. Nd5 Bh3 16. Nf4 Bxg2 17. Kxg2 Nd7 18. Bc3 e5 19. Nd5 Nf6 20. Nxf6+ Bxf6 21. e4 Bg7 22. f4 f6 23. Qf2 Qd7 24. f5 b5 25. b4 1/2-1/2

[Event "Pilsen Region-chT 2223"]
[Site "Czech Republic"]
[Date "2023.02.12"]
[Round "8.6"]
[White "Novotny, Jaromir"]
[Black "Malecek, Jiri"]
[Result "1/2-1/2"]
[WhiteElo "1722"]
[BlackElo "1838"]
[PlyCount "33"]
[EventDate "2022.10.09"]
[EventType "team-tourn"]
[EventRounds "11"]
[EventCountry "CZE"]
[SourceTitle "EXT 2024"]
[Source "ChessBase"]
[SourceDate "2023.10.10"]
[SourceVersion "1"]
[SourceVersionDate "2023.10.10"]
[SourceQuality "1"]
[WhiteTeam "Loko"]
[BlackTeam "Kozolupy Sakal"]
[WhiteTeamCountry "CZE"]
[BlackTeamCountry "CZE"]

1. b3 d5 2. Bb2 e6 3. e3 Nf6 4. Nf3 Bd6 5. Be2 0-0 6. 0-0 Nbd7 7. c4 dxc4 8. bxc4 b6 9. d3 e5 10. e4 Re8 11. Nc3 c6 12. Qc2 Ba6 13. Nd1 Bf8 14. Ne3 Qc7 15. Rac1 g6 16. h3 Bg7 17. Rfd1 1/2-1/2

[Event "Plzen Calliditas op"]
[Site "Plzen"]
[Date "2020.08.25"]
[Round "4"]
[White "Novotny, Jaromir"]
[Black "Hercik, Richard"]
[Result "1/2-1/2"]
[WhiteElo "1737"]
[BlackElo "1401"]
[PlyCount "76"]
[EventDate "2020.08.23"]
[EventType "swiss"]
[EventRounds "9"]
[EventCountry "CZE"]
[SourceTitle "CBM 198 Extra"]
[Source "ChessBase"]
[SourceDate "2020.11.30"]
[SourceVersion "1"]
[SourceVersionDate "2020.11.30"]
[SourceQuality "1"]

1. e4 e5 2. Nf3 Nf6 3. Nc3 Nc6 4. Bc4 Be7 5. 0-0 Nxe4 6. Bxf7+ Kxf7 7. Nxe4 d5 8. Ng3 e4 9. Ne1 Rf8 10. d3 exd3 11. Nxd3 Kg8 12. Nf4 d4 13. Qd3 Ne5 14. Qb3+ Nf7 15. Ne6 Bxe6 16. Qxe6 Re8 17. Qb3 b6 18. Bd2 Bd6 19. c3 c5 20. cxd4 cxd4 21. Rad1 Bxg3 22. fxg3 Qd7 23. Bc1 Rf8 24. Rf4 Rad8 25. Qc4 d3 26. Rf3 Qd4+ 27. Qxd4 Rxd4 28. Rfxd3 Rxd3 29. Rxd3 Rc8 30. Bd2 Ne5 31. Rc3 Rd8 32. Bf4 Rd1+ 33. Kf2 Nd3+ 34. Ke2 Nxb2 35. Rb3 Rg1 36. Kf2 Rb1 37. Kf3 Rf1+ 38. Ke2 Rg1 1/2-1/2

[Event "Klatovy op-B 24th"]
[Site "Klatovy"]
[Date "2018.07.03"]
[Round "4"]
[White "Sova, Zdenek"]
[Black "Novotny, Jaromir"]
[Result "0-1"]
[WhiteElo "1682"]
[BlackElo "1780"]
[PlyCount "31"]
[EventDate "2018.06.30"]
[EventType "swiss"]
[EventRounds "9"]
[EventCountry "CZE"]
[SourceTitle "CBM 185 Extra"]
[Source "ChessBase"]
[SourceDate "2018.07.29"]
[SourceVersion "1"]
[SourceVersionDate "2018.07.29"]
[SourceQuality "1"]

1. Nf3 c5 2. c4 Nc6 3. Nc3 Nf6 4. g3 g6 5. Bg2 Bg7 6. 0-0 0-0 7. d3 d6 8. Rb1 Bd7 9. a3 Rb8 10. Bg5 h6 11. Be3 Ng4 12. Bd2 Nge5 13. Qc1 Kh7 14. Nd5 Nxf3+ 15. Bxf3 Nd4 16. Bg2 0-1

[Event "Klatovy op-B 24th"]
[Site "Klatovy"]
[Date "2018.06.30"]
[Round "1"]
[White "Novotny, Jaromir"]
[Black "Stanke, Petr"]
[Result "1-0"]
[WhiteElo "1780"]
[BlackElo "1378"]
[PlyCount "47"]
[EventDate "2018.06.30"]
[EventType "swiss"]
[EventRounds "9"]
[EventCountry "CZE"]
[SourceTitle "CBM 185 Extra"]
[Source "ChessBase"]
[SourceDate "2018.07.29"]
[SourceVersion "1"]
[SourceVersionDate "2018.07.29"]
[SourceQuality "1"]

1. e4 e6 2. d4 d5 3. exd5 exd5 4. Bd3 Bd6 5. Nc3 Ne7 6. Bg5 f6 7. Bh4 Nbc6 8. Nge2 Be6 9. Nb5 a6 10. Nxd6+ Qxd6 11. c3 Bf5 12. 0-0 0-0 13. Bg3 Qd7 14. Qc2 b5 15. Rfe1 Rfe8 16. Bxf5 Nxf5 17. Bxc7 Nd6 18. Bxd6 Qxd6 19. Qd2 Rac8 20. Ng3 Na5 21. Rxe8+ Rxe8 22. Re1 Rc8 23. Nf5 Qd7 24. Ne7+ 1-0